|
|
|
|
| LEADER |
00000cam a2200000 a 4500 |
| 001 |
020852 |
| 003 |
UAHC_CL |
| 005 |
20170803121925.0 |
| 008 |
070808s2007 xxu 000 p eng |
| 020 |
|
|
|a 9781879960749
|
| 040 |
|
|
|a UAHC_CL
|c UAHC_CL
|d UAHC_CL
|
| 100 |
1 |
|
|a Anzaldúa, Gloria
|
| 245 |
1 |
0 |
|a Borderlands :
|b La frontera /
|c Gloria Anzaldúa.
|
| 250 |
|
|
|a 3a. ed.
|
| 260 |
|
|
|b Aunt Lute Books
|a San Francisco
|c 2007
|
| 300 |
|
|
|a 258 p.
|
| 520 |
|
|
|a Rooted in Gloria Anzaldúa's experience as a Chicana, a lesbian, an activist, and a writer, the groundbreaking essays and poems in this volume profoundly challenge how we think about identity. Borderlands/La Frontera remaps understandings of what a "border" is, seeing it not as a simple divide between here and there, us and them, but as a psychic, social, and cultural terrain that we inhabit, and that inhabits all of us. This 20th anniversary edition features a new introduction comprised of commentaries by ten writers, teachers, and activists on the legacy of Anzaldúa's visionary work.
|
| 650 |
|
4 |
|a POESIA
|z MEXICO
|
| 653 |
|
|
|a MAGISTER EN SOCIOLOGIA
|
| 658 |
|
|
|a Araujo, Kathya
|
| 658 |
|
|
|a Gaínza, Alvaro
|
| 658 |
|
|
|a Campos, Luis
|
| 658 |
|
|
|a Barrientos, Claudio
|
| 900 |
|
|
|a 811.54 ANZ
|
| 942 |
|
|
|c BK
|
| 952 |
|
|
|0 0
|1 0
|4 0
|6 811_540000000000000_ANZ
|7 0
|8 COMP
|9 41644
|a BS
|b BS
|c General
|d 2017-08-03
|l 3
|m 3
|o 811.54 ANZ
|p 1359422
|r 2025-11-26 00:00:00
|s 2023-12-14
|t 1
|w 2017-08-03
|y BKL
|
| 952 |
|
|
|0 0
|1 0
|4 0
|6 811_540000000000000_ANZ
|7 0
|8 General
|9 41645
|a BC
|b BC
|c General
|d 2017-08-03
|l 4
|o 811.54 ANZ
|p 1359423
|r 2025-11-26 00:00:00
|s 2023-09-22
|t 2
|w 2017-08-03
|y BK
|z Señales de humedad por inundación 2020.
|
| 999 |
|
|
|c 20852
|d 20852
|